000 00305nam a2200133Ia 4500
005 20251222143110.0
008 251222s9999||||xx |||||||||||||| ||spa||
082 _a264.4/T79
100 _aTrento, Aldo
245 0 _aEl nuevo Santo Rosario
250 _a3a.ed.
264 _bP. Aldo Trento
942 _cLIB
999 _c11137
_d11137